<?xml version="1.0" encoding="UTF-8"?>
<record
    xmlns:xsi="http://www.w3.org/2001/XMLSchema-instance"
    xsi:schemaLocation="http://www.loc.gov/MARC21/slim http://www.loc.gov/standards/marcxml/schema/MARC21slim.xsd"
    xmlns="http://www.loc.gov/MARC21/slim">

  <leader>03319nam a2200553Ia 4500</leader>
  <controlfield tag="001">4597</controlfield>
  <controlfield tag="008">241029s9999    xx            000 0 und d</controlfield>
  <datafield tag="010" ind1=" " ind2=" ">
    <subfield code="a">4337</subfield>
  </datafield>
  <datafield tag="041" ind1=" " ind2=" ">
    <subfield code="a">Espa&#xF1;ol</subfield>
  </datafield>
  <datafield tag="082" ind1=" " ind2=" ">
    <subfield code="a">NO APLICA</subfield>
  </datafield>
  <datafield tag="245" ind1=" " ind2="0">
    <subfield code="a">Nivel de Uso de los Recursos Tecnol&#xF3;gicos en la Ense&#xF1;anza de la Lectura y Escritura, en las Aulas del Grado Pre-Primario del Nivel Inicial, Correspondiente al Distrito Educativo 15-03, Sector P&#xFA;blico, Durante  el Primer Periodo del A&#xF1;o Escolar, 2011-2012</subfield>
  </datafield>
  <datafield tag="260" ind1=" " ind2=" ">
    <subfield code="a">Santo Domingo</subfield>
  </datafield>
  <datafield tag="300" ind1=" " ind2=" ">
    <subfield code="a">127</subfield>
  </datafield>
  <datafield tag="520" ind1=" " ind2=" ">
    <subfield code="a">18</subfield>
  </datafield>
  <datafield tag="630" ind1=" " ind2=" ">
    <subfield code="a">Ense&#xF1;anza-Aprendizaje</subfield>
  </datafield>
  <datafield tag="630" ind1=" " ind2=" ">
    <subfield code="a">Proceso de Ense&#xF1;anza-Aprendizaje</subfield>
  </datafield>
  <datafield tag="630" ind1=" " ind2=" ">
    <subfield code="a">Recursos Tecnol&#xF3;gicos</subfield>
  </datafield>
  <datafield tag="650" ind1=" " ind2=" ">
    <subfield code="a">Tecnolog&#xED;a Educativa</subfield>
  </datafield>
  <datafield tag="690" ind1=" " ind2=" ">
    <subfield code="a">Elaborado</subfield>
  </datafield>
  <datafield tag="700" ind1=" " ind2=" ">
    <subfield code="e">asesor</subfield>
    <subfield code="a">Bravo, Delfina</subfield>
  </datafield>
  <datafield tag="700" ind1=" " ind2=" ">
    <subfield code="e">autor</subfield>
    <subfield code="a"> Bonifacio, Eveyn</subfield>
  </datafield>
  <datafield tag="700" ind1=" " ind2=" ">
    <subfield code="e">autor</subfield>
    <subfield code="a">Cruz, Ramona Virginia</subfield>
  </datafield>
  <datafield tag="901" ind1=" " ind2=" ">
    <subfield code="a">{"1":" Bonifacio","2":"Cruz"}</subfield>
    <subfield code="b">{"1":"Eveyn","2":"Ramona Virginia"}</subfield>
  </datafield>
  <datafield tag="902" ind1=" " ind2=" ">
    <subfield code="a">1</subfield>
  </datafield>
  <datafield tag="903" ind1=" " ind2=" ">
    <subfield code="a">{"1":"Bravo"}</subfield>
    <subfield code="b">{"1":"Delfina"}</subfield>
  </datafield>
  <datafield tag="904" ind1=" " ind2=" ">
    <subfield code="a">Maestr&#xED;a en</subfield>
  </datafield>
  <datafield tag="905" ind1=" " ind2=" ">
    <subfield code="a">Tecnolog&#xED;a Educativa</subfield>
  </datafield>
  <datafield tag="906" ind1=" " ind2=" ">
    <subfield code="a">2</subfield>
  </datafield>
  <datafield tag="907" ind1=" " ind2=" ">
    <subfield code="a">NO APLICA</subfield>
  </datafield>
  <datafield tag="908" ind1=" " ind2=" ">
    <subfield code="a">NO APLICA</subfield>
  </datafield>
  <datafield tag="909" ind1=" " ind2=" ">
    <subfield code="a">Universidad Aut&#xF3;noma de Santo Domingo (UASD)</subfield>
  </datafield>
  <datafield tag="910" ind1=" " ind2=" ">
    <subfield code="a">NULL</subfield>
    <subfield code="b">NULL</subfield>
  </datafield>
  <datafield tag="911" ind1=" " ind2=" ">
    <subfield code="a">["1"]</subfield>
  </datafield>
  <datafield tag="912" ind1=" " ind2=" ">
    <subfield code="a">NO APLICA</subfield>
  </datafield>
  <datafield tag="913" ind1=" " ind2=" ">
    <subfield code="a">NULL</subfield>
  </datafield>
  <datafield tag="914" ind1=" " ind2=" ">
    <subfield code="a">01 de Junio de 2012</subfield>
  </datafield>
  <datafield tag="915" ind1=" " ind2=" ">
    <subfield code="a">23/06/15 11:06</subfield>
  </datafield>
  <datafield tag="916" ind1=" " ind2=" ">
    <subfield code="a">NULL</subfield>
  </datafield>
  <datafield tag="917" ind1=" " ind2=" ">
    <subfield code="a">NULL</subfield>
  </datafield>
  <datafield tag="918" ind1=" " ind2=" ">
    <subfield code="a">NO APLICA</subfield>
  </datafield>
  <datafield tag="919" ind1=" " ind2=" ">
    <subfield code="a">["89","163","218"]</subfield>
  </datafield>
  <datafield tag="520" ind1=" " ind2=" ">
    <subfield code="a">Los principales objetivos de esta investigaci&#xF3;n, consistieron en determinar el nivel de uso de los recursos tecnol&#xF3;gicos en la ense&#xF1;anza de la lectura y escritura, en las aulas del grado Pre-Primario del Nivel Inicial, correspondiente al Distrito Educativo 15-03, a la vez identificar, cuales recursos tecnol&#xF3;gicos tienen las aulas del grado Pre-Primario.La metodolog&#xED;a utilizada fue de corte inductivo-deductivo y de tipo exploratorio descriptivo, con un enfoque cualitativo-cuantitativo.&#xA0; Para la recolecci&#xF3;n de la informaci&#xF3;n; se utilizaron t&#xE9;cnicas de revisi&#xF3;n, observaci&#xF3;n y entrevistas estructuradas.&#xA0; La muestra utilizada, estuvo constituida por 23 docentes del Nivel Inicial, del Distrito Educativo 15-03. Las principales conclusiones de este estudio indicaron, que la utilizaci&#xF3;n de los recursos tecnol&#xF3;gicos, no guarda relaci&#xF3;n alguna con la intenci&#xF3;n pedag&#xF3;gica.&#xA0; Los docentes del centro educativo, conocen los diferentes recursos tecnol&#xF3;gicos que se utilizan para los procesos de ense&#xF1;anza-aprendizaje.&#xA0; Estos resultados adem&#xE1;s arrojaron, que s&#xF3;lo ocho (8) de las 18 aulas del Nivel Inicial, tienen el Rinc&#xF3;n Tecnol&#xF3;gico instalado en el aula, el recurso tecnol&#xF3;gico que predomina en todas las aulas es el radio, los CD de canciones y cuentos infantiles.El estudio recomienda al Ministerio de Educaci&#xF3;n, favorecer la integraci&#xF3;n de las tecnolog&#xED;as de la informaci&#xF3;n y comunicaci&#xF3;n (TICs), al proceso de ense&#xF1;anza-aprendizaje. Adem&#xE1;s, concientizar a la comunidad educativa, en sentido general, para hacer uso de los recursos tecnol&#xF3;gicos y did&#xE1;cticos que tiene la escuela, para que el aprendizaje est&#xE9; acorde con la generaci&#xF3;n de ni&#xF1;os y ni&#xF1;as que tenemos hoy.&#xA0;</subfield>
  </datafield>
  <datafield tag="921" ind1=" " ind2=" ">
    <subfield code="a">12</subfield>
  </datafield>
  <datafield tag="922" ind1=" " ind2=" ">
    <subfield code="a">12</subfield>
  </datafield>
  <datafield tag="923" ind1=" " ind2=" ">
    <subfield code="a">0</subfield>
  </datafield>
  <datafield tag="924" ind1=" " ind2=" ">
    <subfield code="a">NO APLICA</subfield>
  </datafield>
  <datafield tag="942" ind1=" " ind2=" ">
    <subfield code="c">Tesis</subfield>
  </datafield>
  <datafield tag="999" ind1=" " ind2=" ">
    <subfield code="c">4337</subfield>
    <subfield code="d">4337</subfield>
  </datafield>
</record>
